Normal view
MARC view
- Meaning (Psychology)
Entry Topical Term
001 - CONTROL NUMBER
- control field: 13129
003 - CONTROL NUMBER IDENTIFIER
- control field: NUST
005 - DATE AND TIME OF LATEST TRANSACTION
- control field: 20190122160619.0
008 - FIXED-LENGTH DATA ELEMENTS
- fixed length control field: 190122|| aca||aabn | a|a d
040 ## - CATALOGING SOURCE
- Original cataloging agency: NUST
- Transcribing agency: NUST
150 ## - HEADING--TOPICAL TERM
- Topical term or geographic name entry element: Meaning (Psychology)
670 ## - SOURCE DATA FOUND
- Source citation: Work cat.: (NUST)0: Russell, Bertrand, 1872-1970. 1985, An inquiry into meaning and truth /, 1940
